Top 20 jogadores da NBA no século 21 - Statistics

Estatísticas Gerais
  • Esse quiz foi jogado 1 070 vezes
    394 desde o último reset
  • A pontuação média é 11 de 20
Estatísticas das Respostas
Hint Resposta % Correto
1 Lebron James
99%
4 Stephen Curry
96%
6 Kevin Durant
82%
3 Kobe Bryant
80%
14 James Harden
73%
5 Nikola Jokic
71%
2 Shaquille O'neal
64%
16 Russell Westbrook
58%
11 Dwayne Wade
55%
19 Klay Thompson
52%
13 Chris Paul
49%
7 Giannis Antetokounmpo
48%
8 Kawhi Leonard
48%
9 Dirk Nowitzki
44%
15 Steve Nash
42%
10 Kevin Garnett
41%
18 Draymond Green
36%
12 Paul Pierce
28%
17 Pau Gasol
27%
20 Dwight Howard
23%
Nenhum quiz correspondente encontrado
Distribuição das Pontuações
Porcentagem de Pessoas com Cada Pontuação
Percentil de Números Respondidos
Sua Pontuação Histórica
Você não jogou esse quiz desde o último reset